000 01618cam a2200133 4500500
005 20251012001311.0
041 _afre
042 _adc
100 1 0 _aJay, Emmanuelle
_eauthor
245 0 0 _aL'écriture thérapeutique
260 _bérès,
_c2025.
520 _aEn quoi consiste une psychothérapie par l’écriture ? Qui écrit, pourquoi et comment ? Emmanuelle Jay nous ouvre les portes de son cabinet où elle reçoit en séance individuelle des personnes qui viennent suivre une thérapie par l’écriture. « L’écriture est, pour celles et ceux que j’accompagne et pour moi la thérapeute, une compagne, un miroir, un refuge, un sac de frappe, une alliée, une mélodie, un oreiller, un baume, une surprise, une joie. » À partir de son expérience clinique et d’un travail de recherche sur l’écriture, le rêve et l’inconscient, elle raconte comment l’écriture peut surprendre, bouleverser et transformer la souffrance psychique chez les patients. « Promenons-nous dans les mots puisque l’écriture est un chemin, une voie d’accès à notre intimité la plus souterraine, celle à laquelle on accède habituellement par les rêves. Promenons-nous dans les mots puisque l’écriture nous offre un passage dans la forêt du langage, avec ses bosquets touffus de verbes obscurs et ses clairières de métaphores prometteuses. Promenons-nous dans les mots pour mieux nous comprendre et accompagner celles et ceux qui souhaitent se transformer par la voie du stylo. »
856 4 1 _uhttps://shs.cairn.info/l-ecriture-therapeutique--9782749283791?lang=fr&redirect-ssocas=7080
999 _c1512428
_d1512428